000 00805nam a2200277 i 4500
001 bg
100 1 _aKędracki, Maciej.
245 1 0 _aTechnologie bezwykopowe budowy rurociągów podziemnych /
_cMaciej Kędracki.
260 _aŁódź :
_bWydaw. PŁ,
_c2001.
300 _a50 s. :
_bil. ;
_c24 cm.
490 1 _aSkrypty dla Szkół Wyższych / Politechnika Łódzka
504 _aBibliogr.
650 9 _aRurociągi
_xmontaż
650 9 _aTechnologie bezwykopowe
655 _aPodręczniki akademickie
830 0 _aSkrypty dla Szkół Wyższych (Politechnika Łódzka)
020 _a8372830258
040 _cBPK
041 0 _apl
080 _a621.644
080 _a624.19
080 _a(075.8)
920 _a83-7283-025-8
942 _cKS
008 s pl f |000 0 pol
999 _c39922
_d39922
856 _uhttp://koha.tu.koszalin.pl/cgi-bin/koha/opac-detail.pl?biblionumber=39922
_yKatalog online BPK